• 首页
  • 本馆介绍
  • 公告通知
  • 最新文献
  • 馆藏检索
  • 电子资源
  • 读者导购
  • 参考咨询
  • 我的图书馆
  • 登录
  • 详细信息显示
  • 放入我的书架
  • 预约/预借图书
  • 作者相关作品
  • 分类相关作品
  • 丛书相关作品
  • 出版社相关作品

书目信息

  • 表格格式
  • 工作单格式
  • 卡片格式
题名:
构建美国——美国的社会与文化
    
 
作者: [美]卢瑟·S·路德克 著
分册:  
出版信息: 南京   江苏人民出版社  2006
页数:
开本: 32开
丛书名:
单 册:
中图分类: K712.03
科图分类:
主题词: 北美洲--历史
电子资源:
ISBN: 7-214-04182-0
000 01036nam0 2200229 450
001 1235077243
005 20121007094527.35
010    @a7-214-04182-0@dCNY32.00
100    @a20060204d2006 ek y0chiy0110 ea
101 0  @achi
102    @aCN@b110000
105    @ay z 000yy
200 1  @a构建美国——美国的社会与文化@f[美]卢瑟·S·路德克著
210    @a南京@c江苏人民出版社@d2006
215    @d32开
300    @a相关读者
330    @a本书对美国进行了一次批评性、历史性的评述,它从自然、历史、社会、政治、修辞等方面论述了美国当前社会是怎样产生的,文化将把美国带向何方,是谁为美国制定了发展方向等问题。讨论范围从历史到文化到社会学再到批判性的哲学。全书由28位专家、学者的论文构成,他们不仅评述了大量社会和文化领域的问题,而且也涉及到伴随美国经历成长起来的一些特殊制度、行为模式和信仰。他们的写作主题都有一定的关联性,涉及联邦制度和文化、民族自豪感、自我批评、种族困境、社会不公平等。
606 0  @a北美洲@x历史
690    @aK712.03@v4
701  0 @a[美]卢瑟·S·路德克@4著
801  0 @aCN@bNLC@c20101222
905    @a10447@dK712.03@eJY30
    
    构建美国——美国的社会与文化/[美]卢瑟·S·路德克著.-南京:江苏人民出版社,2006
    32开
    相关读者
    
    ISBN 7-214-04182-0:CNY32.00
    本书对美国进行了一次批评性、历史性的评述,它从自然、历史、社会、政治、修辞等方面论述了美国当前社会是怎样产生的,文化将把美国带向何方,是谁为美国制定了发展方向等问题。讨论范围从历史到文化到社会学再到批判性的哲学。全书由28位专家、学者的论文构成,他们不仅评述了大量社会和文化领域的问题,而且也涉及到伴随美国经历成长起来的一些特殊制度、行为模式和信仰。他们的写作主题都有一定的关联性,涉及联邦制度和文化、民族自豪感、自我批评、种族困境、社会不公平等。
●
相关链接 在E读中查询图书 在五车中查询图书 在当当中查询图书 在豆瓣中查询图书


正题名:构建美国——美国的社会与文化     索取号:K712.03/JY30         预约/预借

序号 登录号 条形码 馆藏地/架位号 状态 备注
1 7832532   278325322   学院路分馆/ [索取号:K712.03/JY30] 在馆    
2 7832533   278325331   学院路分馆/ [索取号:K712.03/JY30] 在馆    
唐山师范学院图书馆 欢迎您!
大连网信软件有限公司© 版权所有